Una visión macroeconómica de los cuarenta años de la Constitución española (Record no. 106656)
[ view plain ]
| 000 -LEADER | |
|---|---|
| campo de control de longitud fija | 00519nmm a2200145Ia 4500 |
| 008 - DATOS DE LONGITUD FIJA--INFORMACIÓN GENERAL | |
| campo de control de longitud fija | 251105s9999||||xx |||||||||||||||||und|| |
| 041 ## - CÓDIGO DE IDIOMA | |
| Código de lengua del texto/banda sonora o título independiente | spa |
| 100 ## - ENTRADA PRINCIPAL--NOMBRE DE PERSONA | |
| Nombre de persona | Malo de Molina, José Luis |
| 245 #0 - MENCIÓN DEL TÍTULO | |
| Título | Una visión macroeconómica de los cuarenta años de la Constitución española |
| 264 ## - PRODUCCIÓN, PUBLICACIÓN, DISTRIBUCIÓN, FABRICACIÓN Y COPYRIGHT | |
| Producción, publicación, distribución, fabricación y copyright | [Madrid, España] : |
| Nombre del de productor, editor, distribuidor, fabricante | Ministerio de Economía y Competitividad de España, |
| Fecha de producción, publicación, distribución, fabricación o copyright | 2019 |
| 300 ## - DESCRIPCIÓN FÍSICA | |
| Extensión | 124 páginas |
| 650 ## - PUNTO DE ACCESO ADICIONAL DE MATERIA--TÉRMINO DE MATERIA | |
| Término de materia o nombre geográfico como elemento de entrada | History of Europe: Spain |
| 856 ## - LOCALIZACIÓN Y ACCESO ELECTRÓNICOS | |
| Identificador Uniforme de Recursos | <a href="https://public.digitaliapublishing.com/a/118727">https://public.digitaliapublishing.com/a/118727</a> |
| 942 ## - ELEMENTOS DE ENTRADA SECUNDARIOS (KOHA) | |
| Tipo de ítem Koha | Libro Digital |
No items available.